书目信息 |
| 题名: |
地基基础设计与算例
|
|
| 作者: | 郭继武 编著 | |
| 分册: | ||
| 出版信息: | 北京 中国建筑工业出版社 2015 |
|
| 页数: | 409页 | |
| 开本: | 26cm | |
| 丛书名: | ||
| 单 册: | ||
| 中图分类: | TU47 | |
| 科图分类: | ||
| 主题词: | 地基--di ji--基础(工程)--建筑设计--教材 , 地基--di ji--基础(工程)--工程计算--教材 | |
| 电子资源: | ||
| ISBN: | 978-7-112-18285-5 | |
| 000 | 00929nam0 2200265 450 | |
| 001 | 0100004585 | |
| 005 | 20191105102702.25 | |
| 010 | @a978-7-112-18285-5@dCNY58.00 | |
| 100 | @a20151128d2015 em y0chiy50 ea | |
| 101 | 0 | @achi |
| 102 | @aCN@b110000 | |
| 105 | @aak a 000yy | |
| 200 | 1 | @a地基基础设计与算例@Adi ji ji chu she ji yu suan li@f郭继武编著 |
| 210 | @a北京@c中国建筑工业出版社@d2015 | |
| 215 | @a409页@c图@d26cm | |
| 312 | @a英文并列题名取自封面 | |
| 320 | @a有书目 | |
| 330 | @a《地基基础设计与算例》主要是根据新版《建筑地基基础设计规范》(GB50007-2011)编写的。内容分为两大部分:建筑地基基础基本理论和典型例题。 | |
| 510 | 1 | @aFoundation design and calculation@zeng |
| 606 | 0 | @a地基@Adi ji@x基础(工程)@x建筑设计@j教材 |
| 606 | 0 | @a地基@Adi ji@x基础(工程)@x工程计算@j教材 |
| 690 | @aTU47@v5 | |
| 701 | 0 | @a郭继武@Aguo ji wu@4编著 |
| 801 | 0 | @aCN@c20161103 |
| 905 | @a河南城建学院图书馆@dTU47@eG807 | |
| 地基基础设计与算例/郭继武编著.-北京:中国建筑工业出版社,2015 |
| 409页:图;26cm |
| ISBN 978-7-112-18285-5:CNY58.00 |
| 《地基基础设计与算例》主要是根据新版《建筑地基基础设计规范》(GB50007-2011)编写的。内容分为两大部分:建筑地基基础基本理论和典型例题。 |
| ● |
| 相关链接 |
|
|
|
正题名:地基基础设计与算例
索取号:TU47/G807
 
预约/预借
| 序号 | 登录号 | 条形码 | 馆藏地/架位号 | 状态 | 备注 |
| 1 | 1232428 | 212324288 | 建筑库101/101建筑库 96排3列3层/ [索取号:TU47/G807] | 在馆 | |
| 2 | 1232429 | 212324297 | 建筑库101/101建筑库 96排3列3层/ [索取号:TU47/G807] | 在馆 | |
| 3 | 1232430 | 212324304 | 建筑库101/101建筑库 96排3列3层/ [索取号:TU47/G807] | 在馆 | |
| 4 | 1232431 | 212324313 | 建筑库101/101建筑库 96排3列3层/ [索取号:TU47/G807] | 在馆 | |
| 5 | 1232432 | 212324322 | 建筑库101/101建筑库 96排3列3层/ [索取号:TU47/G807] | 在馆 | |
| 6 | 1232433 | 212324331 | 建筑库101/101建筑库 96排3列3层/ [索取号:TU47/G807] | 在馆 | |
| 7 | 1292279 | 212922792 | 土木与交通工程学院资料室/ [索取号:TU47/G807] | 在馆 | |
| 8 | 1292280 | 212922809 | 土木与交通工程学院资料室/ [索取号:TU47/G807] | 在馆 |